| 000 | 00531nam a22002057a 4500 | ||
|---|---|---|---|
| 001 | 51519 | ||
| 003 | BD-RjUL | ||
| 005 | 20211209075655.0 | ||
| 008 | 160831s1968 enk||||| |||| 00| 0 eng d | ||
| 035 | _a(BD-RjUL)51639 | ||
| 040 |
_aBD-RjUL _beng _cBD-RjUL |
||
| 041 | _aeng | ||
| 082 |
_223 _a512 _bGOA 1968 |
||
| 100 |
_aGodement, Roger _9154017 |
||
| 245 | 1 | 0 |
_aAlgebra / _c Roger Godement, |
| 260 |
_aLondon : _bHerman, _c1968 |
||
| 300 |
_a637 p. : _bill. ; _c21 cm. |
||
| 650 |
_aAlgebra _9154018 |
||
| 942 |
_2ddc _cBK |
||
| 999 |
_c51519 _d51519 |
||